Statistics for Most Popular Boy Names

Click here to take the quiz!

General Stats

  • This quiz has been taken 31 times
  • The average score is 13 of 50

Answer Stats

Rank #Name% Correct
8James
88%
10John
81%
4Jack
73%
36Michael
62%
13William
62%
46Daniel
58%
43Henry
54%
25David
50%
49Christopher
46%
12Joshua
46%
45Samuel
42%
20Alexander
38%
32Benjamin
38%
9Ethan
38%
18Jackson
38%
38Joseph
38%
29Luke
38%
40Thomas
38%
47Isaac
35%
2Liam
35%
1Noah
31%
3Oliver
31%
15Elijah
27%
37Nathan
27%
5Aiden
23%
22Luca
23%
19Carter
19%
6Lucas
19%
27Mohammed
19%
24Jayden
15%
35Jeremiah
15%
39Owen
15%
28Ali
12%
34Asher
12%
23Sebastian
12%
14Kai
8%
42Austin
4%
17Elias
4%
7Josiah
4%
21Maverick
4%
26Zion
4%
48Angel
0%
50Atlas
0%
41Giovanni
0%
44Hudson
0%
16Jaxon
0%
31Levi
0%
11Mateo
0%
30River
0%
33Rowan
0%

Score Distribution

Percentile by Number Answered

Percent of People with Each Score

Your Score History

You have not taken this quiz